000 00621nam a2200229 i 4500
001 C2-0117994
003 PPAK
005 20180727110932.0
008 970730s1962 enka|||| ||||| | eng d
040 _aPPAK
_beng
_cPPAK
_erda
082 0 4 _a914.3684
_223
090 0 0 _a914.3684
_bGIB
_dKIH
100 1 _aGibson, Monk,
_eauthor
245 1 0 _aAustria
264 1 _aLondon :
_bB.T. Batsford ,
_c1962
300 _a216 pages :
_billustrations ;
_c17 cm
336 _2rdacontent
_atext
337 _2rdamedia
_aunmediated
338 _2rdacarrier
_avolume
650 1 0 _aAustria - Description and travel
942 _ddc
_cB
999 _c31905
_d31905